| 000 | 01748nam0a2200337 4500 | ||
|---|---|---|---|
| 001 | RU\NLR\BIBL_A\022479838 | ||
| 005 | 20260408220544.0 | ||
| 010 |
_a978-5-6042836-0-8 _91000 |
||
| 035 | _a(NLR Aleph) 022479838 | ||
| 090 |
_a13374902 _c13374902 |
||
| 100 | _a20250305d2020 |||y0rusy50 ca | ||
| 101 | 0 | _arus | |
| 102 | _aRU | ||
| 105 | _aac z 100yy | ||
| 181 | 0 |
_ab3 _bbb2e |
|
| 181 | 0 |
_ai2 _baxxe |
|
| 182 | 0 | _an | |
| 200 | 1 |
_aLc. 15: 11-32 _eот идеи к воплощению _eпавильон России на 58-й Международной художественной выставке - La biennale di Venezia _fГосударственный Эрмитаж _gавторы: Александр Сокуров, Александр Шишкин-Хокусай |
|
| 203 |
_aИзображение _aТекст _bвизуальные _cнепосредственные |
||
| 210 |
_aСанкт-Петербург _cФонд "Эрмитаж XXI век" _d[2020] |
||
| 215 |
_a237, [2] с. _cил., цв. ил., портр. _d19 |
||
| 601 | 1 | 2 |
_aМеждународная художественная выставка _bПавильон России _d58 _eВенеция, город; Италия _f2019 _92665063 _3RU\NLR\AUTH\6601753090 |
| 675 | _a75.03(47+57) | ||
| 686 | 1 | _aЩ101.3(4Ит)6-692Венеция л62 | |
| 702 | 1 |
_aСокуров _bА. Н. _f1951- _gАлександр Николаевич _4570 |
|
| 711 | 1 | 2 |
_aМеждународная художественная выставка _bПавильон России _d58 _eВенеция _f2019 _92657527 _3RU\NLR\AUTH\880625159 |
| 942 | _cBOOK | ||
| 980 | _aNB | ||